| 000 | 01060nam a22002777a 4500 | ||
|---|---|---|---|
| 008 | 181031b xxu||||| |||| 00| 0 eng d | ||
| 020 | _a9781319040550 | ||
| 050 |
_aPE1408 _b.B67 2014 |
||
| 100 | _aBraziller, Amy, author | ||
| 245 |
_aThe Bedford book of genres : _ba guide & reader / _cAmy Braziller, Elizabeth Kleinfeld |
||
| 260 |
_aBoston : _bBedford/St. Martin's, _c2014 |
||
| 300 |
_axxxi, 737, 44 pages in various numberings : _bcolor illustrations ; _c24 cm |
||
| 500 | _aIncludes "Bedford integrated media," supplemental online content accessible using a code in the back of the book | ||
| 505 | _aIncludes indexes | ||
| 650 |
_aRhetoric _vTextbooks |
||
| 650 |
_aEnglish language _vTextbooks _xRhetoric |
||
| 650 |
_aEnglish language _xComposition and exercises |
||
| 650 | _aWritten communication | ||
| 650 | _aVisual communication | ||
| 650 | _aLiterary form | ||
| 650 | _aMass media genres | ||
| 650 | _aArt genres | ||
| 655 | _bTextbooks. | ||
| 700 |
_aKleinfeld, Elizabeth, _eauthor |
||
| 942 |
_2lcc _cBK |
||
| 999 |
_c53751 _d53751 |
||